Countries Least Similar To Sweden - Statistics

General Stats
  • This quiz has been taken 60 times
  • The average score is 9 of 20
Answer Stats
Rank Country Score % Correct
2 Somalia 36.0
78%
18 Ethiopia 40.5
64%
4 Eritrea 36.7
62%
6 Niger 38.8
62%
7 Chad 38.9
56%
17 Mali 40.4
56%
3 Sudan 36.5
56%
8 Afghanistan 39.2
49%
8 Mauritania 39.2
49%
13 Uganda 40.0
47%
1 Yemen 35.4
47%
11 South Sudan 39.9
42%
20 Djibouti 40.9
40%
10 Burundi 39.6
29%
15 Gambia 40.3
27%
11 Sierra Leone 39.9
24%
19 Guinea-Bissau 40.7
22%
5 Bangladesh 37.6
20%
14 Cambodia 40.1
18%
15 Laos 40.3
18%
No matching quizzes found
Score Distribution
Percent of People with Each Score
Percentile by Number Answered
Your Score History
You have not taken this quiz